000 00404nam a2200145Ia 4500
008 230711s9999||||xx |||||||||||||| ||und||
041 _aENG
082 _a621
_bIR-I
100 _aIreson,W. Grant
245 0 _aHandbook of industrial engineering and management
250 _a1st Ed.
260 _c1988
_aNew Delhi
_bPrentice-Hall of India Private Limited
650 _aMechanical Engineering
942 _cBK
999 _c1316
_d1316